Emblems of Modern Communist Parties - Statistics

General Stats
  • This quiz has been taken 53 times
  • The average score is 25 of 112
Answer Stats
Picture Hint Answer % Correct
Cuba
76%
Lebanon
76%
Unrecognized by Jetpunk Abkhazia
71%
Belarus
69%
Brazil
69%
Italy
69%
Jordan
69%
North Korea
69%
Germany
67%
Unrecognized by Jetpunk South Ossetia
64%
Unrecognized by Jetpunk Palestine
62%
France
57%
Turkey
57%
Norway
52%
Switzerland
52%
Germany
50%
Unrecognized by Jetpunk Kurdistan
50%
North Macedonia
50%
Russia
50%
South Africa
50%
Unrecognized by Jetpunk Transnistria
48%
Israel
43%
Japan
43%
Austria
40%
Portugal
40%
Greece
36%
Slovenia
36%
Armenia
33%
Czechia
33%
Hungary
33%
Tajikistan
33%
United States
31%
Argentina
29%
China
29%
Not Sovereign French Guiana
29%
Australia
24%
Bulgaria
24%
Chile
24%
Peru
21%
Timor-Leste
21%
Canada
19%
Cyprus
19%
Spain
19%
Albania
17%
Belgium
17%
Ethiopia
17%
Haiti
17%
Iraq
17%
Kyrgyzstan
17%
Latvia
17%
Luxembourg
17%
Tunisia
17%
United Kingdom
17%
Vietnam
17%
El Salvador
14%
India
14%
Nepal
14%
Paraguay
14%
Slovakia
14%
Egypt
12%
Netherlands
12%
Serbia
12%
Zimbabwe
12%
Algeria
10%
Colombia
10%
Costa Rica
10%
Laos
10%
Mali
10%
Morocco
10%
Uruguay
10%
Ireland
7%
Syria
7%
Bahrain
5%
Bangladesh
5%
Benin
5%
Cameroon
5%
Croatia
5%
Finland
5%
Jordan
5%
Kenya
5%
Kuwait
5%
Montenegro
5%
Panama
5%
Poland
5%
Romania
5%
Sweden
5%
Togo
5%
Venezuela
5%
Azerbaijan
2%
Bhutan
2%
Bosnia and Herzegovina
2%
Burkina Faso
2%
Chad
2%
Côte d'Ivoire
2%
Denmark
2%
Dominican Republic
2%
Eswatini
2%
Not Sovereign Guadeloupe
2%
Guinea-Bissau
2%
Honduras
2%
Malta
2%
Mauritius
2%
Namibia
2%
New Zealand
2%
Nigeria
2%
Nigeria
2%
Philippines
2%
South Sudan
2%
Sri Lanka
2%
Sudan
2%
Ecuador
0%
Moldova
0%
No matching quizzes found
Score Distribution
Percent of People with Each Score
Percentile by Number Answered
Your Score History
You have not taken this quiz